<?xml version="1.0" encoding="UTF-8"?>
<collection xmlns="http://www.loc.gov/MARC21/slim">
 <record>
  <leader>00899nam#a2200313#c#4500</leader>
  <controlfield tag="001">UMA-000248</controlfield>
  <controlfield tag="003">UMA</controlfield>
  <controlfield tag="005">20250916    165525</controlfield>
  <controlfield tag="008">001121suuuu####ag###########||||#0#spa#d</controlfield>
  <datafield tag="041" ind1="#" ind2="#">
   <subfield code="a">spa</subfield>
  </datafield>
  <datafield tag="044" ind1="#" ind2="#">
   <subfield code="a">ag#</subfield>
  </datafield>
  <datafield tag="080" ind1="#" ind2="#">
   <subfield code="a">SEDE CENTRAL 536.7 FAC</subfield>
  </datafield>
  <datafield tag="092" ind1="#" ind2="#">
   <subfield code="a">536.7</subfield>
  </datafield>
  <datafield tag="100" ind1="#" ind2="#">
   <subfield code="a">Facorro Ruiz</subfield>
   <subfield code="b">Lorenzo</subfield>
  </datafield>
  <datafield tag="245" ind1="#" ind2="#">
   <subfield code="a">Curso de termodinámica con 310 problemas</subfield>
  </datafield>
  <datafield tag="250" ind1="#" ind2="#">
   <subfield code="a">5. ed.</subfield>
   <subfield code="b">corregida y actualizada</subfield>
  </datafield>
  <datafield tag="260" ind1="#" ind2="#">
   <subfield code="a">Buenos Aires</subfield>
   <subfield code="b">Melior</subfield>
   <subfield code="c">1969</subfield>
  </datafield>
  <datafield tag="300" ind1="#" ind2="#">
   <subfield code="a">459 páginas</subfield>
   <subfield code="c">23 x 15 cm</subfield>
  </datafield>
  <datafield tag="336" ind1="#" ind2="#">
   <subfield code="a">texto</subfield>
  </datafield>
  <datafield tag="337" ind1="#" ind2="#">
   <subfield code="a">no mediado</subfield>
  </datafield>
  <datafield tag="338" ind1="#" ind2="#">
   <subfield code="a">volumen</subfield>
  </datafield>
  <datafield tag="500" ind1="#" ind2="#">
   <subfield code="a">Obra ampliada para uso del estudiante universitario de ciencias y de ingeniería, del técnico industrial y del profesional</subfield>
  </datafield>
  <datafield tag="650" ind1="#" ind2="0">
   <subfield code="a">Termodinámica</subfield>
  </datafield>
  <datafield tag="650" ind1="#" ind2="0">
   <subfield code="a">Física</subfield>
  </datafield>
  <datafield tag="650" ind1="#" ind2="0">
   <subfield code="a">Entropía</subfield>
  </datafield>
  <datafield tag="650" ind1="#" ind2="0">
   <subfield code="a">Aire húmedo</subfield>
  </datafield>
  <datafield tag="650" ind1="#" ind2="0">
   <subfield code="a">Sede Central</subfield>
  </datafield>
  <datafield tag="650" ind1="#" ind2="0">
   <subfield code="a">Ingeniería</subfield>
  </datafield>
  <datafield tag="650" ind1="#" ind2="0">
   <subfield code="a">Donación Pablo Guerrero</subfield>
  </datafield>
 </record>
</collection>
